Mapa geológico : memória explicativa de la hoja nº 420 : San Baudilio de Lobregat memória explicativa de la hoja nº 420 :
Publicado:
Madrid :
Instituto Geológico y Minero de España, con la colaboración de la Diputación Provincial de Barcelona ,
1930
Descripción Física:
119 p., 13 f. de làm., 7 map. pleg. ; 24 cm
Materias:
Geologia -- Sant Boi de Llobregat
MARC
| LEADER | 00000nam a2200000Ia 4500 | ||
|---|---|---|---|
| 001 | 915 | ||
| 003 | BGR | ||
| 005 | 20260324175650.0 | ||
| 008 | 160829s1930 xx 000 0 cat d | ||
| 080 | |a C-1-185 | ||
| 245 | |a Mapa geológico : |b memória explicativa de la hoja nº 420 : |b San Baudilio de Lobregat | ||
| 260 | |a Madrid : |b Instituto Geológico y Minero de España, con la colaboración de la Diputación Provincial de Barcelona, |c 1930 | ||
| 300 | |a 119 p., 13 f. de làm., 7 map. pleg. ; |c 24 cm | ||
| 590 | |a Un dels mapes passa a la calaixera | ||
| 650 | |a Geologia |x Sant Boi de Llobregat |9 37150 | ||
| 710 | 1 | |a Barcelona (Catalunya : Província). |b Diputació |9 52408 | |
| 710 | 1 | |a Instituto Geológico y Minero de España |9 71188 | |
| 901 | |a Arxiu | ||
| 942 | |n 1 |2 udc |c MON | ||
| 952 | |0 0 |1 0 |4 0 |6 C1185 |7 1 |9 47716 |a Arxiu |b Arxiu |d 2016-12-01 |l 0 |o C-1-185 |p 915 |r 2016-12-01 00:00:00 |w 2016-12-01 |y ARXIU | ||
| 999 | |c 51515 |d 51515 | ||